LEADER 01604nam0 22003613i 450 001 VAN00294122 005 20250604092246.864 017 70$2N$a9789819779130 100 $a20250604d2024 |0itac50 ba 101 $aeng 102 $aSG 105 $a|||| ||||| 181 $ai$b e 182 $ab 183 $acr 200 1 $aNovel Proton Conducting in Free-Standing Coordination Polymer Membranes$fJiangfeng Lu 210 $aSingapore$cSpringer$d2024 215 $aXII, 84 p.$cill.$d24 cm 410 1$1001VAN00104193$12001 $aSpringer theses$erecognizing outstanding Ph.D. research$1210 $aBerlin$cSpringer$d2010- 620 $aSG$dSingapore$3VANL000061 676 $a547$cChimica organica$v22 676 $a546$cChimica inorganica$v22 676 $a541.37$cElettrochimica e magnetochimica$v22 700 1$aLu$bJiangfeng$3VANV250019$01775535 712 $aSpringer $3VANV108073$4650 801 $aIT$bSOL$c20250606$gRICA 856 4 $uhttps://link.springer.com/book/10.1007/978-981-97-7913-0$zE-book ? Accesso al full-text attraverso riconoscimento IP di Ateneo, proxy e/o Shibboleth 899 $aBIBLIOTECA DEL DIPARTIMENTO DI SCIENZE E TECNOLOGIE AMBIENTALI BIOLOGICHE E FARMACEUTICHE$1IT-CE0101$2VAN17 912 $fN 912 $aVAN00294122 950 $aBIBLIOTECA DEL DIPARTIMENTO DI SCIENZE E TECNOLOGIE AMBIENTALI BIOLOGICHE E FARMACEUTICHE$d17CONS e-book 2394 $e17BIB2394/316 316 20250604 996 $aNovel Proton Conducting in Free-Standing Coordination Polymer Membranes$94290177 997 $aUNICAMPANIA LEADER 01797nam1 22003493i 450 001 VAN00263300 005 20240806101511.902 100 $a20230914d1609 |0itac50 ba 101 $alat 102 $aIT 140 $a||||||||| ||||||||| 200 1 $aˆGaleni ‰Opera ex octaua Iuntarum editione. Quae, quid superioribus praestet, pagina versa ostendit. Ad amplissimum Venetorum medicorum Collegium 210 $aVenetiis$capud Iuntas$d1609 215 $a13 volumi$cill.$d2º 300 $aA cura di Fabio Paolini, il cui nome appare nel verso del frontespizio del vol. [1] 300 $aCornice xilografica sui frontespizi 300 $aFrontespizio d'insieme stampato in rosso e nero 463 \1$1001VAN00263268$12001 $a<<[13]: Antonii Musae Brasauoli ... >>Index refertissimus in omnes Galeni libros, qui ex octaua Iunctarum editione extant: in quam, indicem eorum operum inclusimus, quae postremo ad nos peruenere 620 $dVenezia$3VANL000080 700 1$aGalenus$bClaudius$3VANV060011$0198761 702 1$aPaolini$bFabio$cc. 1535-1605$3VANV217660 712 02$aGiunta, Lucantonio$f2.$3VANV059455 790 0$aGaleno$zGalenus, Claudius$3VANV021334 790 0$aGalien de Pergame$zGalenus, Claudius$3VANV060025 790 0$aGalenus$zGalenus, Claudius$3VANV060026 790 1$aPaulinus, Fabius <-1605>$zPaolini, Fabio $3VANV217661 791 02$aGiunta, Lucantonio $zGiunta, Lucantonio <2.>$3VANV064570 791 02$aGiunta, Lucantonio <1542-1602>$zGiunta, Lucantonio <2.>$3VANV064571 801 $aIT$bSOL$c20260206$gRICA 912 $aVAN00263300 996 $aOpera ex octaua Iuntarum editione. Quae, quid superioribus praestet, pagina versa ostendit. Ad amplissimum Venetorum medicorum Collegium$93551514 997 $aUNICAMPANIA